[Event "4NCL Division 4 South"]
[Site "Telford, ENG"]
[Date "2017.02.12"]
[Round "6.93"]
[White "Lunn, Timothy"]
[Black "Isaksen, Peter A"]
[Result "1-0"]
[WhiteElo "1937"]
[BlackElo "1877"]
[PlyCount "71"]
[EventDate "2017.02.12"]
[WhiteTeam "Anglian Avengers 3"]
[BlackTeam "Sandhurst Cadets"]

1. d4 Nf6 2. c4 e6 3. Nf3 b6 4. a3 Bb7 5. Nc3 d6 6. Qc2 Nbd7 7. e4 c5 8. d5 Be7
9. dxe6 fxe6 10. Ng5 Nf8 11. Be2 Qd7 12. Be3 Ng6 13. f4 O-O 14. O-O h6 15. Nh3
Qc6 16. b4 Qe8 17. Rad1 Rd8 18. bxc5 dxc5 19. e5 Rxd1 20. Rxd1 Nd7 21. Bh5 Rf5
22. Bxg6 Qxg6 23. Rxd7 Bxg2 24. Qxg2 Qe8 25. Rxa7 Kh7 26. Nb5 Qf8 27. Nf2 Rf7
28. Ne4 Bh4 29. Rxf7 Qxf7 30. Ng3 Qd7 31. Qe4+ Kh8 32. Nd6 Qa4 33. Qd3 Qa8 34.
Bf2 Qf8 35. f5 exf5 36. Qxf5 1-0

[Event "4NCL Division 4 South"]
[Site "Telford, ENG"]
[Date "2017.02.12"]
[Round "6.94"]
[White "Kadambadi, Nikhil"]
[Black "Hall, Antony C"]
[Result "0-1"]
[WhiteElo "1862"]
[BlackElo "1900"]
[PlyCount "76"]
[EventDate "2017.02.12"]
[WhiteTeam "Sandhurst Cadets"]
[BlackTeam "Anglian Avengers 3"]

1. e4 d6 2. d4 Nf6 3. Nc3 g6 4. f4 Bg7 5. Nf3 c5 6. dxc5 Qa5 7. Bd3 Qxc5 8. Qe2
O-O 9. Be3 Qa5 10. O-O Bg4 11. h3 Bxf3 12. Qxf3 Nc6 13. a3 Nd7 14. Bd2 Qb6+ 15.
Kh1 Rae8 16. Rab1 a6 17. Nd5 Qd8 18. Bc3 e6 19. Bxg7 Kxg7 20. Nc3 Nc5 21. b4
Nd7 22. Ne2 f5 23. Rfd1 fxe4 24. Bxe4 d5 25. Qc3+ Qf6 26. Qxf6+ Nxf6 27. Bf3 b5
28. Rb3 Rc8 29. Rc3 Nd7 30. Rdd3 Nb6 31. Bg4 Kf6 32. Bxe6 Kxe6 33. Rxc6+ Rxc6
34. Nd4+ Kd6 35. Nxc6 Kxc6 36. g3 Re8 37. Rc3+ Nc4 38. Kg2 Re3 0-1

[Event "4NCL Division 4 South"]
[Site "Telford, ENG"]
[Date "2017.02.12"]
[Round "6.95"]
[White "Woodcock, Keith D"]
[Black "Thornley, Oliver"]
[Result "0-1"]
[WhiteElo "1690"]
[BlackElo "1630"]
[PlyCount "62"]
[EventDate "2017.02.12"]
[WhiteTeam "Anglian Avengers 3"]
[BlackTeam "Sandhurst Cadets"]

1. d4 Nf6 2. Nc3 g6 3. e4 d6 4. f4 Bg7 5. Nf3 O-O 6. Bc4 a6 7. a4 Nbd7 8. e5
Ne8 9. e6 fxe6 10. Bxe6+ Kh8 11. Ne4 Ndf6 12. Neg5 d5 13. Nf7+ Rxf7 14. Bxf7
Nd6 15. Ne5 Bf8 16. Bxg6 hxg6 17. Nxg6+ Kh7 18. Ne5 Nde4 19. g4 Qd6 20. g5 Qe6
21. gxf6 exf6 22. Qh5+ Kg8 23. Qg6+ Bg7 24. Rg1 Qe7 25. f5 Bxf5 26. Qxf5 fxe5
27. Bh6 Qh4+ 28. Ke2 Qxh6 29. Rg2 Rf8 30. Qxf8+ Kxf8 31. dxe5 Bxe5 0-1

[Event "4NCL Division 4 South"]
[Site "Telford, ENG"]
[Date "2017.02.12"]
[Round "6.96"]
[White "Vallis, Nicholas J"]
[Black "John, Adam"]
[Result "1-0"]
[WhiteElo "1622"]
[BlackElo "1628"]
[PlyCount "89"]
[EventDate "2017.02.12"]
[WhiteTeam "Sandhurst Cadets"]
[BlackTeam "Anglian Avengers 3"]

1. c4 Nf6 2. Nc3 g6 3. g3 d5 4. cxd5 Nxd5 5. Bg2 Nxc3 6. bxc3 Bg7 7. Rb1 c6 8.
Bb2 Nd7 9. Nf3 Nf6 10. O-O O-O 11. d3 Qc7 12. c4 Rd8 13. Qa4 Bf5 14. Qb3 Qb6
15. Bc3 h5 16. Rfe1 Rab8 17. Qa3 Qa6 18. Qxa6 bxa6 19. Ne5 Rxb1 20. Rxb1 Bd7
21. Rb7 Bc8 22. Rxe7 Ng4 23. Nxc6 Rf8 24. Bb4 Bf6 25. Rxa7 Re8 26. Bf3 Bf5 27.
e4 Be6 28. Rxa6 Bd7 29. Bxg4 hxg4 30. Na5 Be5 31. Nb3 Rb8 32. Bd6 Bxd6 33. Rxd6
Ba4 34. c5 Bxb3 35. axb3 Rxb3 36. d4 Rb4 37. c6 Rc4 38. d5 Kf8 39. e5 Rc1+ 40.
Kg2 Ke8 41. Rd7 g5 42. Rc7 Kf8 43. d6 Rc2 44. Rc8+ Kg7 45. d7 1-0

[Event "4NCL Division 4 South"]
[Site "Telford, ENG"]
[Date "2017.02.12"]
[Round "6.101"]
[White "Woolgar, Steven G"]
[Black "Willmoth, Harrison"]
[Result "1-0"]
[WhiteElo "1780"]
[BlackElo "1720"]
[PlyCount "59"]
[EventDate "2017.02.12"]
[WhiteTeam "Throw in the Tal 2"]
[BlackTeam "Barnet Knights 2"]

1. c4 e5 2. Nc3 d6 3. g3 f5 4. Bg2 Nf6 5. d3 Be7 6. Nf3 O-O 7. Bg5 c6 8. Qd2
Be6 9. b3 Nbd7 10. O-O Qe8 11. e4 h6 12. exf5 Bxf5 13. Bxf6 Nxf6 14. Rae1 Qh5
15. Ne4 Nd7 16. Qe3 Bh3 17. Nfd2 Bg4 18. f3 Be6 19. d4 exd4 20. Qxd4 d5 21. g4
Qg6 22. cxd5 Bxd5 23. Kh1 Bh4 24. Re2 b6 25. Nc4 Nf6 26. Ne5 Qe8 27. Nd6 Qd8
28. Nf5 Nh7 29. Nxc6 Bxc6 30. Qxg7# 1-0

[Event "4NCL Division 4 South"]
[Site "Telford, ENG"]
[Date "2017.02.12"]
[Round "6.102"]
[White "Karia, Devin"]
[Black "Ward, Andrew"]
[Result "0-1"]
[WhiteElo "1622"]
[BlackElo "1813"]
[PlyCount "62"]
[EventDate "2017.02.12"]
[WhiteTeam "Barnet Knights 2"]
[BlackTeam "Throw in the Tal 2"]

1. d4 d5 2. Nf3 Nf6 3. Bf4 c5 4. e3 Nc6 5. Be2 Qb6 6. b3 Bf5 7. c3 e6 8. Nbd2
Be7 9. h3 h6 10. O-O g5 11. Bh2 g4 12. Nh4 gxh3 13. Nxf5 hxg2 14. Re1 exf5 15.
Bf3 Ne4 16. Bxe4 fxe4 17. Qh5 Bg5 18. f3 cxd4 19. cxd4 Bxe3+ 20. Rxe3 Qxd4 21.
Bf4 Qxa1+ 22. Kxg2 Rg8+ 23. Bg3 Qd4 24. Nc4 Rxg3+ 25. Kxg3 Qg7+ 26. Kf2 dxc4
27. Rxe4+ Kd7 28. Qd5+ Kc7 29. Qc5 Qb2+ 30. Kg3 Rg8+ 31. Kf4 Qh2+ 0-1

[Event "4NCL Division 4 South"]
[Site "Telford, ENG"]
[Date "2017.02.12"]
[Round "6.104"]
[White "Balouka-Myers, Toby"]
[Black "Zarev, Dragomir"]
[Result "0-1"]
[WhiteElo "1592"]
[BlackElo "1765"]
[PlyCount "96"]
[EventDate "2017.02.12"]
[WhiteTeam "Barnet Knights 2"]
[BlackTeam "Throw in the Tal 2"]

1. c4 f5 2. g3 Nf6 3. Bg2 c6 4. Nc3 d6 5. e3 e5 6. d4 Be7 7. dxe5 dxe5 8. Qxd8+
Bxd8 9. Nge2 O-O 10. O-O Be6 11. b3 Bb6 12. Na4 Bc7 13. Nc5 Bc8 14. Bb2 Nbd7
15. Ne6 Bb8 16. Nxf8 Kxf8 17. Nc3 a5 18. e4 g6 19. Rfe1 Nc5 20. Ba3 Nfd7 21.
Rad1 Kf7 22. Bxc5 Nxc5 23. Rd8 Bc7 24. Rd2 Be6 25. Red1 a4 26. b4 Na6 27. b5
Ba5 28. bxa6 Bxc3 29. axb7 Rb8 30. Rc2 Bd4 31. Rb1 Ke7 32. c5 g5 33. Rb6 Kd7
34. exf5 Bxf5 35. Bxc6+ Kc7 36. Rd2 Bxc5 37. Ra6 Bd4 38. Rc2 Bxc2 39. Ra8 e4
40. Kg2 Be5 41. f3 Kxc6 42. Rxb8 Bxb8 43. fxe4 Bxe4+ 44. Kf2 Kxb7 45. Ke3 Bb1
46. a3 Bd6 47. h4 gxh4 48. gxh4 Bxa3 0-1

[Event "4NCL Division 4 South"]
[Site "Telford, ENG"]
[Date "2017.02.12"]
[Round "6.105"]
[White "Jones, Howard"]
[Black "Atalla, George"]
[Result "1/2-1/2"]
[WhiteElo "1675"]
[BlackElo "1547"]
[PlyCount "109"]
[EventDate "2017.02.12"]
[WhiteTeam "Throw in the Tal 2"]
[BlackTeam "Barnet Knights 2"]

1. Nf3 d5 2. g3 e6 3. Bg2 Nf6 4. O-O Be7 5. d3 O-O 6. Nbd2 b6 7. c4 Bb7 8. b3
Bd6 9. Bb2 Qe7 10. d4 c5 11. e3 Nc6 12. Rc1 Nb4 13. Ra1 Nd3 14. Qb1 Nxb2 15.
Qxb2 Ne4 16. Nxe4 dxe4 17. Nd2 f5 18. f4 Qf6 19. Rfd1 cxd4 20. exd4 Bc5 21. Nf1
Rfd8 22. Kh1 Bxd4 23. Rxd4 Qxd4 24. Qxd4 Rxd4 25. Re1 Rad8 26. Re2 Rd3 27. h4
Ba8 28. Kh2 e3 29. Bxa8 Rxa8 30. Nxe3 Rad8 31. Kg2 Rd2 32. Kf2 Rxe2+ 33. Kxe2
Re8 34. Kf3 g6 35. Nc2 e5 36. fxe5 Rxe5 37. Nd4 Re1 38. Nc6 Ra1 39. Nxa7 Rxa2
40. Nc6 Rd2 41. Ke3 Rd6 42. Ne7+ Kf7 43. Nd5 h6 44. Kf4 Re6 45. Kf3 g5 46. hxg5
hxg5 47. Kf2 Kg6 48. Kf3 Re8 49. Nxb6 Rb8 50. c5 g4+ 51. Kf2 Kg5 52. b4 f4 53.
gxf4+ Kxf4 54. Nd5+ Ke5 55. Nb6 1/2-1/2

[Event "4NCL Division 4 South"]
[Site "Telford, ENG"]
[Date "2017.02.12"]
[Round "6.106"]
[White "Sezer, Steve"]
[Black "Weaver, Simon"]
[Result "1/2-1/2"]
[WhiteElo "1510"]
[BlackElo "1517"]
[PlyCount "48"]
[EventDate "2017.02.12"]
[WhiteTeam "Barnet Knights 2"]
[BlackTeam "Throw in the Tal 2"]

1. d4 d5 2. c4 e6 3. Nf3 Nf6 4. Bg5 Be7 5. Bxf6 Bxf6 6. e3 O-O 7. Nc3 b6 8.
cxd5 exd5 9. Be2 Be6 10. O-O c5 11. Bb5 a6 12. Qa4 c4 13. b3 cxb3 14. axb3 Nd7
15. Bc6 Rc8 16. Rfc1 Nb8 17. Bb7 Rc7 18. Bxa6 Ra7 19. Qb5 Bd7 20. Qd3 Be6 21.
Bb5 Ra5 22. b4 Rxb5 23. Qxb5 Bd7 24. Qxd5 Nc6 1/2-1/2

[Event "4NCL Division 4 South"]
[Site "Telford, ENG"]
[Date "2017.02.12"]
[Round "6.203"]
[White "Jaufarally, Nadia"]
[Black "Orgler, Lukas"]
[Result "1-0"]
[WhiteElo "1664"]
[BlackElo "1420"]
[PlyCount "95"]
[EventDate "2017.02.12"]
[WhiteTeam "D&D Utd"]
[BlackTeam "Barnet Knights 3"]

1. d4 d5 2. Bf4 Nc6 3. e3 a6 4. Nd2 Nf6 5. h3 Bf5 6. c3 e6 7. Ngf3 Bd6 8. Ne5
Nd7 9. Ndf3 f6 10. Nxc6 bxc6 11. Qa4 Bxf4 12. exf4 Nb8 13. Qb4 Nd7 14. Qb7 Qb8
15. Bxa6 Qxb7 16. Bxb7 Rb8 17. Bxc6 Rxb2 18. O-O Ke7 19. Rfe1 Be4 20. f5 Rc2
21. fxe6 Kxe6 22. Rec1 Rxc1+ 23. Rxc1 Rb8 24. c4 Bxf3 25. gxf3 dxc4 26. Rxc4
Rb1+ 27. Kg2 Ra1 28. Rc2 Kd6 29. Be4 g6 30. Rc6+ Ke7 31. Rxc7 Kd6 32. Rc6+ Ke7
33. Ra6 Rd1 34. Ra7 Rxd4 35. Bc6 Rd6 36. Bxd7 Rxd7 37. Rxd7+ Kxd7 38. Kg3 Kc6
39. Kg4 Kb5 40. f4 Ka4 41. f5 Ka3 42. fxg6 hxg6 43. f4 Kxa2 44. f5 g5 45. Kh5
Kb3 46. Kg6 Kc4 47. Kxf6 Kd5 48. Kxg5 1-0

[Event "4NCL Division 4 South"]
[Site "Telford, ENG"]
[Date "2017.02.12"]
[Round "6.206"]
[White "Rampley, Oscar"]
[Black "Kilcline, Declan A"]
[Result "0-1"]
[WhiteElo "1300"]
[BlackElo "1652"]
[PlyCount "76"]
[EventDate "2017.02.12"]
[WhiteTeam "Barnet Knights 3"]
[BlackTeam "D&D Utd"]

1. e4 c5 2. d4 cxd4 3. c3 dxc3 4. Nxc3 e6 5. Bc4 a6 6. a4 Bb4 7. Nge2 Ne7 8.
O-O O-O 9. b3 Nbc6 10. Bb2 Ne5 11. Qd4 N7c6 12. Qe3 Qf6 13. h3 d6 14. Nd4 Nxc4
15. bxc4 Qxd4 16. Qg3 Qd2 17. Rab1 Qh6 18. Ne2 Qg6 19. Qh4 e5 20. Ng3 f5 21. f4
Bc5+ 22. Kh1 Bd4 23. Nh5 fxe4 24. Bxd4 Nxd4 25. Rbe1 Nf5 26. Qg5 Qxh5 27. Rxe4
Qxg5 28. fxg5 Ng3+ 29. Kg1 Rxf1+ 30. Kh2 Nxe4 31. g6 Rc1 32. gxh7+ Kxh7 33. c5
d5 34. a5 d4 35. c6 d3 36. c7 d2 37. g4 d1=Q 38. g5 Qh1# 0-1

[Event "4NCL Division 4 South"]
[Site "Telford, ENG"]
[Date "2017.02.12"]
[Round "6.209"]
[White "Kilcline, Jenny"]
[Black "Vaidya, Pranav"]
[Result "1-0"]
[WhiteElo "1517"]
[BlackElo "842"]
[PlyCount "65"]
[EventDate "2017.02.12"]
[WhiteTeam "D&D Utd"]
[BlackTeam "Barnet Knights 3"]

1. e4 e5 2. Nf3 Nc6 3. Bc4 d6 4. h3 Nf6 5. Nc3 Be7 6. d4 Nd7 7. Be3 O-O 8. Nd5
Bf6 9. Qd2 Re8 10. g4 Nxd4 11. Nxf6+ Nxf6 12. Ng5 Kf8 13. O-O-O h6 14. Nxf7 Qd7
15. Nxh6 gxh6 16. Bxh6+ Ke7 17. Qg5 Kd8 18. Qxf6+ Qe7 19. Qxe7+ Rxe7 20. Bg5
Ke8 21. Bxe7 Kxe7 22. Rxd4 exd4 23. f4 c5 24. g5 Bd7 25. f5 b5 26. f6+ Kf8 27.
Bd5 Re8 28. g6 Be6 29. Rg1 Bxd5 30. exd5 Re5 31. g7+ Kf7 32. g8=Q+ Kxf6 33.
Qf8# 1-0

[Event "4NCL Division 4 South"]
[Site "Telford, ENG"]
[Date "2017.02.12"]
[Round "6.201"]
[White "Balouka-Myers, Raphael"]
[Black "Ogunshola, Ben"]
[Result "0-1"]
[WhiteElo "1480"]
[BlackElo "2152"]
[PlyCount "84"]
[EventDate "2017.02.12"]
[WhiteTeam "Barnet Knights 3"]
[BlackTeam "The Pitstop"]

1. c4 Nf6 2. g3 g6 3. Bg2 Bg7 4. Nc3 O-O 5. e3 d6 6. Nge2 Nc6 7. d4 Rb8 8. O-O
Bd7 9. b3 a6 10. Bb2 b5 11. Rb1 Re8 12. Re1 e5 13. Qd3 e4 14. Qd2 bxc4 15. bxc4
Na5 16. Nxe4 Nxc4 17. Qc1 Nxe4 18. Bxe4 Nxb2 19. Rxb2 Rxe4 20. Nf4 Rb5 21. Rxb5
axb5 22. Qc2 Re8 23. Rc1 c6 24. d5 c5 25. Qe2 Qa5 26. Rb1 Ra8 27. Qd1 Qxa2 28.
Qe1 b4 29. Ne2 Bg4 30. Nf4 Bf3 31. Nd3 Qc2 32. Nf4 Ra2 33. Rc1 Qe4 34. Rb1 g5
35. Qf1 gxf4 36. exf4 Be2 37. Qe1 Bc3 38. Qc1 Bd2 39. Rb2 Bxc1 40. Rxa2 Bf3 41.
h4 Qe1+ 42. Kh2 Qh1# 0-1

[Event "4NCL Division 4 South"]
[Site "Telford, ENG"]
[Date "2017.02.12"]
[Round "6.204"]
[White "Fernando, Manel"]
[Black "Carter, Gavin"]
[Result "1-0"]
[WhiteElo "1621"]
[BlackElo "1277"]
[PlyCount "151"]
[EventDate "2017.02.12"]
[WhiteTeam "The Pitstop"]
[BlackTeam "Barnet Knights 3"]

1. d4 Nf6 2. Nf3 Nc6 3. Bf4 e6 4. Nbd2 Ne7 5. e3 d5 6. Bd3 Ng6 7. Bg3 h5 8. Nh4
Nxh4 9. Bxh4 Be7 10. Nf3 Ne4 11. Bxe7 Qxe7 12. O-O h4 13. Ne5 Bd7 14. Qg4 O-O-O
15. Bxe4 dxe4 16. Qxe4 Bc6 17. Nxc6 bxc6 18. Qxc6 h3 19. g3 Rh6 20. f4 e5 21.
Qe4 Qe6 22. fxe5 f6 23. Qf5 fxe5 24. Qxe6+ Rxe6 25. Rad1 exd4 26. exd4 Re2 27.
Rf2 Rde8 28. c3 Kb7 29. Kf1 Rxf2+ 30. Kxf2 Rf8+ 31. Ke2 Kb6 32. c4 Ka5 33. Rd3
Rf7 34. Rb3 c6 35. d5 cxd5 36. Rb5+ Ka4 37. Rxd5 Rb7 38. b3+ Ka3 39. Ra5+ Kb4
40. Ra4+ Kc5 41. Kf3 Rf7+ 42. Kg4 Kb6 43. Kxh3 Rf2 44. a3 g5 45. Rb4+ Kc6 46.
Rb5 g4+ 47. Kxg4 Rxh2 48. Kg5 Re2 49. g4 Re3 50. a4 a6 51. Rb8 Kc7 52. Rb4 Kc6
53. Kf5 Re8 54. a5 Rf8+ 55. Kg5 Rg8+ 56. Kh4 Ra8 57. g5 Kc5 58. Rb6 Kd4 59. g6
Ke5 60. Kg5 Ra7 61. c5 Ra8 62. g7 Kd5 63. b4 Re8 64. Kg6 Ke5 65. Kf7 Rd8 66.
Re6+ Kf5 67. Rd6 Rb8 68. g8=Q Rxb4 69. Qg6+ Kf4 70. Rd5 Rb5 71. Qf5+ Ke3 72.
Qe5+ Kf2 73. Rd3 Rxa5 74. Qe3+ Kf1 75. Rd2 Rxc5 76. Qf2# 1-0

[Event "4NCL Division 4 South"]
[Site "Telford, ENG"]
[Date "2017.02.12"]
[Round "6.207"]
[White "Vaidya, Raghav"]
[Black "Fredlund, Richard"]
[Result "0-1"]
[WhiteElo "1345"]
[BlackElo "1495"]
[PlyCount "62"]
[EventDate "2017.02.12"]
[WhiteTeam "Barnet Knights 3"]
[BlackTeam "The Pitstop"]

1. Nf3 Nf6 2. g3 c5 3. Bg2 Nc6 4. d3 d5 5. O-O e5 6. Nbd2 Bd6 7. e4 dxe4 8.
dxe4 Bg4 9. c3 O-O 10. b3 b5 11. Qe1 Qd7 12. Bb2 Bh3 13. a4 Bxg2 14. Kxg2 a6
15. Qe2 Ne7 16. c4 Ng6 17. axb5 axb5 18. cxb5 Rab8 19. Ra5 Rb7 20. Nc4 Bc7 21.
Rd1 Qg4 22. Ne3 Nf4+ 23. Kh1 Nxe2 24. Nxg4 Bxa5 25. Nfxe5 Nxg4 26. Nxg4 Nc3 27.
Rc1 Nxe4 28. f3 h5 29. fxe4 hxg4 30. Rxc5 Rfb8 31. Be5 Re8 0-1

[Event "4NCL Division 4 South"]
[Site "Telford, ENG"]
[Date "2017.02.12"]
[Round "6.202"]
[White "Froom, Oliver"]
[Black "Kamath, Vikram"]
[Result "1-0"]
[WhiteElo "1942"]
[BlackElo "1817"]
[PlyCount "87"]
[EventDate "2017.02.12"]
[WhiteTeam "The Pitstop"]
[BlackTeam "D&D Utd"]

1. e4 e6 2. d4 d5 3. e5 c5 4. c3 Nc6 5. Nf3 Nge7 6. a3 a5 7. Bb5 Bd7 8. a4 Na7
9. Bd3 Nac6 10. O-O cxd4 11. cxd4 Nb4 12. Be2 Ng6 13. Nc3 Be7 14. Ne1 O-O 15.
f4 f5 16. Rf3 Qb6 17. Be3 Rfc8 18. Rh3 Nc6 19. Bb5 Be8 20. Kh1 Rc7 21. g4 Bf7
22. gxf5 exf5 23. Nf3 Nf8 24. Qe2 Bb4 25. Rg1 Bxc3 26. bxc3 Bg6 27. Rb1 Ne7 28.
c4 Qe6 29. c5 h6 30. Ne1 Kh7 31. Bd3 Be8 32. Nf3 Kg8 33. Rb6 Bc6 34. Qc2 Nd7
35. Rb1 Rf8 36. Rg3 Rf7 37. Bd2 Rc8 38. Nh4 Ra8 39. Rbg1 g5 40. fxg5 h5 41. g6
Rff8 42. g7 Rf7 43. Bf4 b6 44. Qd1 1-0

[Event "4NCL Division 4 South"]
[Site "Telford, ENG"]
[Date "2017.02.12"]
[Round "6.205"]
[White "Sheikh, Nasarullah"]
[Black "Sloan, Hamish"]
[Result "1/2-1/2"]
[WhiteElo "1646"]
[BlackElo "1531"]
[PlyCount "55"]
[EventDate "2017.02.12"]
[WhiteTeam "D&D Utd"]
[BlackTeam "The Pitstop"]

1. e4 c5 2. Nf3 Nc6 3. Bb5 a6 4. Bxc6 bxc6 5. O-O d6 6. Re1 e5 7. b4 cxb4 8. d4
Qc7 9. Bb2 f6 10. Nbd2 Be6 11. a3 c5 12. dxe5 dxe5 13. axb4 cxb4 14. Nf1 Bc5
15. Ne3 Ne7 16. Qe2 Bxe3 17. Qxe3 O-O 18. c3 bxc3 19. Bxc3 Qa7 20. Qe2 Rfc8 21.
Bb2 Bc4 22. Qd2 Bb5 23. h4 Qd7 24. Qb4 Nc6 25. Qb3+ Qf7 26. Qe3 Qe7 27. Qb3+
Qf7 28. Qa3 1/2-1/2

[Event "4NCL Division 4 South"]
[Site "Telford, ENG"]
[Date "2017.02.12"]
[Round "6.208"]
[White "Faizi, Tariq"]
[Black "Sheikh, Anum"]
[Result "0-1"]
[WhiteElo "1415"]
[BlackElo "1479"]
[PlyCount "66"]
[EventDate "2017.02.12"]
[WhiteTeam "The Pitstop"]
[BlackTeam "D&D Utd"]

1. d4 Nf6 2. Nf3 g6 3. c4 Bg7 4. Nc3 O-O 5. e4 d6 6. g3 Nc6 7. Bg2 e5 8. d5 Ne7
9. O-O h6 10. Be3 Nh7 11. Qd2 f5 12. Bxh6 f4 13. Bxg7 Kxg7 14. Ne2 g5 15. gxf4
exf4 16. h3 Bd7 17. Qd4+ Kg8 18. e5 dxe5 19. Nxe5 Bf5 20. Ng4 Bxg4 21. hxg4 f3
22. Bxf3 Rxf3 23. Kg2 Rf7 24. Rh1 Qd6 25. Ng3 Qf6 26. Qxf6 Rxf6 27. Rh5 Ng6 28.
Rah1 Nf4+ 29. Kg1 Nxh5 30. Rxh5 Re8 31. Nf5 Re4 32. f3 Rxc4 33. Nh6+ Kh8 0-1